| 000 | 01344nam a22002657a 4500 | ||
|---|---|---|---|
| 005 | 20100910150449.0 | ||
| 008 | 100910t xxu||||| |||| 00| 0 hin d | ||
| 010 | _aHIN-90433 | ||
| 020 |
_c375.00 _a9789380089065 |
||
| 035 | _aHN-62779 | ||
| 037 | _bDBAD / PUB | ||
| 040 | b |
_aDPL _bHN |
|
| 082 | _a181.499 | ||
| 100 |
_919362 _aओशो |
||
| 245 |
_aआनंद योग: _cओशो; ज्ञानभेद द्वारा अनुवादित _bबाउल सन्तों के क्रांति गीत / |
||
| 246 |
_aAnand Yoga _bby Osho; Translated by Gyanbhed |
||
| 260 |
_aलखनऊ _bदिव्यांश पब्लिकेशन्स _c2010 |
||
| 270 |
_aएम.आई.जी. 222, फोज-1, एल.डी.ए. टिकैतराय कॉलोनी _bलखनऊ _e226017 _k09415185960 _mdivyanshpublications@yahoo.co.in |
||
| 300 |
_a286पृ. _c22सेमी (सजिल्द) |
||
| 500 | _aपहला प्रवचनः जड़ें और फूल एक ही हैं | ||
| 650 | _91169 | ||
| 700 |
_919359 _aज्ञानभेद |
||
| 942 |
_2ddc _cHN _h181.499 _mओशो |
||
| 999 |
_c45201 _d45201 |
||